Statistiche per Capitali del mondo più vicino a Vientiane

Clicka qui per fare il quiz!

Statistiche generali

  • Questo quiz è stato fatto 19 volte
  • Il punteggio medio è 13 su 20

Statistiche sulle risposte

kmcapitale% Corretto
482Hanoi
95%
2778Beijing
89%
1854Singapore
89%
521Bangkok
84%
1652Kuala Lumpur
84%
2846Nuova Delhi
84%
1999Manila
79%
1424Dacca
74%
2731Giacarta
74%
754Phnom Penh
68%
2109Taipei
68%
3418Islamabad
58%
2076Kathmandu
58%
716Naypyidaw
58%
3239Pyongyang
53%
3222Seul
53%
1700Thimphu
47%
1979Bandar Seri
Begawan
42%
3353Ulan Bator
42%
2753Colombo
32%

Distribuzione punteggi

Percentile per numero di risposta

Percentuale di utenti per punteggio

I tuoi punteggi nel tempo

Non hai fatto questo quiz